Statistics for Punk Bands by Song

Click here to take the quiz!

General Stats

  • This quiz has been taken 379 times
  • The average score is 4 of 10

Answer Stats

Hint Answer % Correct
Pretty VacantThe Sex Pistols
91%
Janie JonesThe Clash
72%
We're a Happy FamilyThe Ramones
68%
Bad ReputationJoan Jett
43%
X OffenderBlondie
22%
Chinese RocksJohnny Thunders
18%
Straw DogsStiff Little Fingers
17%
Rebel GirlBikini Kill
16%
Tattooed Love BoysThe Pretenders
8%
MirageSiouxsie and the Banshees
1%

Score Distribution

Percentile by Number Answered

Percent of People with Each Score

Your Score History

You have not taken this quiz